[Event "POL-ChT3"]
[Site "Lazy POL"]
[Date "2012.09.09"]
[Round "9"]
[White "Knopik, Krzysztof"]
[Black "Flak, Pawel"]
[Result "0-1"]
[WhiteElo "2127"]
[BlackElo "2243"]
[EventDate "2012.09.01"]
[PlyCount "128"]

1.e4 Nf6 2.e5 Nd5 3.Nf3 d6 4.d4 Bg4 5.Be2 e6 6.O-O Be7 7.h3 Bh5 8.c4 Nb6 
9.b3 O-O 10.Bb2 Nc6 11.Nbd2 dxe5 12.dxe5 Nd7 13.Re1 Nc5 14.Bc3 Nd3 15.Bxd3
Qxd3 16.Re3 Qd7 17.Ne4 Qxd1+ 18.Rxd1 Rfd8 19.Red3 Bg6 20.Rxd8+ Bxd8 21.Nc5
b6 22.Nd3 Be7 23.Nf4 Be4 24.Rd7 Rc8 25.Kf1 Kf8 26.Rd1 h6 27.Ke2 Nb4 28.
Bxb4 Bxb4 29.Nd3 Be7 30.Nfe1 Rd8 31.f3 Bh7 32.Nc2 a5 33.Nce1 Bh4 34.Rc1 
Ke8 35.Ke3 f6 36.f4 Rd7 37.Rc3 c5 38.Nf3 Bg3 39.Nfe1 h5 40.Nf3 h4 41.Nf2 
Rd4 42.exf6 gxf6 43.Nd3 Re4+ 44.Kd2 Bg6 45.a3 Ke7 46.b4 cxb4 47.axb4 axb4 
48.Nxb4 Bxf4+ 49.Kd1 Bd6 50.Nd3 Bh5 51.c5 bxc5 52.Nxc5 Bxc5 53.Rxc5 Bxf3+ 
54.gxf3 Re3 55.Rh5 Rxf3 56.Rxh4 Rf2 57.Ke1 Rh2 58.Kf1 f5 59.Kg1 Ra2 60.Rh8
Kf6 61.h4 Ke5 62.Rh6 f4 63.Kf1 Kf5 64.Rh7 e5 0-1

[Event "POL-ChT3"]
[Site "Lazy POL"]
[Date "2012.09.09"]
[Round "9"]
[White "Leszner, Liliana"]
[Black "Gonsior, Monika"]
[Result "1/2-1/2"]
[WhiteElo "2068"]
[BlackElo "2028"]
[EventDate "2012.09.01"]
[PlyCount "116"]

1.e4 e5 2.Bc4 Bc5 3.Nf3 d6 4.h3 Be6 5.Bb3 Nc6 6.c3 Nf6 7.d3 Qd7 8.a4 a5 9.
Na3 h6 10.Bxe6 fxe6 11.O-O O-O 12.Nc4 Qf7 13.Be3 Bxe3 14.fxe3 Qh5 15.Qb3 
b6 16.Na3 Rae8 17.Nb5 Re7 18.Qc4 Qe8 19.Rae1 d5 20.exd5 exd5 21.Qb3 Kh8 
22.e4 dxe4 23.dxe4 Nh5 24.Nh4 Nf4 25.Nf5 Qg6 26.Rxf4 exf4 27.Nxe7 Nxe7 28.
Qc2 Nd5 29.Qf2 c6 30.exd5 cxb5 31.axb5 Qd3 32.Qd4 Qg3 33.Qe5 Rf6 34.Qe8+ 
Kh7 35.Qe4+ Kg8 36.Rf1 Kf7 37.Rf3 Qg5 38.c4 g6 39.c5 bxc5 40.b6 Rxb6 41.
Rxf4+ Kg7 42.h4 Qd8 43.Qe5+ Rf6 44.Rc4 Qf8 45.Qc7+ Rf7 46.Qxc5 Qxc5+ 47.
Rxc5 Rb7 48.d6 Rxb2 49.Rxa5 Rd2 50.Ra6 Kf7 51.Kh2 Rd3 52.Ra7+ Ke6 53.Rh7 
Rxd6 54.Rxh6 Kf5 55.h5 Kg5 56.Rxg6+ Rxg6 57.hxg6 Kxg6 58.Kg3 Kg5 1/2-1/2

[Event "POL-ChT3"]
[Site "Lazy POL"]
[Date "2012.09.09"]
[Round "9"]
[White "Jurkiewicz, Krzysztof"]
[Black "Sopur, Lech"]
[Result "0-1"]
[WhiteElo "2314"]
[BlackElo "2423"]
[EventDate "2012.09.01"]
[PlyCount "128"]

1.c4 c6 2.Nf3 d5 3.b3 Nf6 4.Bb2 Bf5 5.g3 e6 6.Bg2 Nbd7 7.O-O h6 8.d4 Be7 
9.Nbd2 O-O 10.Ne5 Bh7 11.h3 a5 12.Nd3 Qb6 13.Bc3 Qa6 14.a4 Rfd8 15.Qc1 
Rac8 16.Qb2 b6 17.Rfe1 c5 18.e4 Ne8 19.Bf1 dxe4 20.Nxe4 Ndf6 21.Nxf6+ Bxf6
22.Ne5 Nd6 23.Bg2 cxd4 24.Bxd4 Nb7 25.Rad1 Nc5 26.Qc3 Rc7 27.Nc6 Bxd4 28.
Rxd4 Rxd4 29.Qxd4 Qc8 30.Qd6 Qd7 31.Rd1 Bc2 32.Ne5 Qxd6 33.Rxd6 f6 34.Ng4 
Bxb3 35.Rxb6 Bxa4 36.Rb8+ Kf7 37.Ra8 Nb3 38.Ne3 Bd7 39.Bf3 a4 40.Bd1 Bc6 
41.Ra6 Nc5 42.Ra5 Bd7 43.Bc2 Ke7 44.Nd1 Nb7 45.Ra7 Rxc4 46.Ne3 Rb4 47.f4 
Kd6 48.Kf2 Bc6 49.Ke1 Kc7 50.Kd2 Kb6 51.Kc3 Kc5 52.Ra6 Nd8 53.Ra5+ Bb5 54.
Ra8 Nc6 55.Nd1 Rc4+ 56.Kd2 Kb4 57.Nb2 Rd4+ 58.Nd3+ Ka3 59.Kc3 Bxd3 60.Bxd3
Rd5 61.Rc8 Rc5+ 62.Bc4 e5 63.fxe5 fxe5 64.g4 g5 0-1

[Event "POL-ChT3"]
[Site "Lazy POL"]
[Date "2012.09.09"]
[Round "9"]
[White "Rawski, Slawomir"]
[Black "Zielinski, Maciej"]
[Result "1/2-1/2"]
[WhiteElo "2185"]
[BlackElo "2073"]
[EventDate "2012.09.01"]
[PlyCount "118"]

1.d4 g6 2.c4 Bg7 3.Nc3 Nf6 4.e4 d6 5.Nf3 O-O 6.Be2 e5 7.dxe5 dxe5 8.Qxd8 
Rxd8 9.Bg5 Re8 10.Nd5 Nxd5 11.cxd5 c6 12.Bc4 cxd5 13.Bxd5 Nc6 14.Ke2 Nb4 
15.Bb3 Bd7 16.Rhc1 Rac8 17.Nd2 Nc6 18.Be3 Nd4+ 19.Bxd4 exd4 20.Kd3 Bh6 21.
Rxc8 Rxc8 22.a4 Bxd2 23.Kxd2 Be6 24.Ra3 b6 25.Kd3 Bxb3 26.Rxb3 Rc1 27.Kxd4
Rc2 28.Ke3 Rc4 29.Ra3 Rc2 30.b4 a5 31.bxa5 bxa5 32.Rd3 Ra2 33.Rd4 Ra3+ 34.
Kf4 Ra2 35.Kg3 Kf8 36.f4 Ke7 37.Rc4 Ra3+ 38.Kh4 Ra2 39.Kh3 h5 40.g3 Ke6 
41.e5 Ke7 42.g4 hxg4+ 43.Kxg4 Rxh2 44.Rc7+ Ke6 45.Rc6+ Ke7 46.Ra6 Rg2+ 47.
Kf3 Ra2 48.Rxa5 Ra1 49.Ra6 Re1 50.a5 g5 51.f5 Rxe5 52.f6+ Kd7 53.Ra7+ Kd6 
54.Kg4 Rb5 55.Rxf7 Ke6 56.Rf8 Rxa5 57.Kh5 Kf5 58.Kh6 Ra7 59.f7 Kf6 1/2-1/2

[Event "POL-ChT3"]
[Site "Lazy POL"]
[Date "2012.09.09"]
[Round "9"]
[White "Zielinski, Stanislaw"]
[Black "Walkusz, Witoslaw"]
[Result "1-0"]
[WhiteElo "2133"]
[BlackElo "2126"]
[EventDate "2012.09.01"]
[PlyCount "85"]

1.Nf3 d5 2.g3 g6 3.Bg2 Bg7 4.O-O e5 5.d3 Ne7 6.c4 c6 7.cxd5 cxd5 8.e4 Nbc6
9.Nc3 O-O 10.a3 Bg4 11.h3 dxe4 12.dxe4 Qxd1 13.Rxd1 Bxf3 14.Bxf3 Nd4 15.
Bg2 Nb3 16.Rb1 Nxc1 17.Rbxc1 Bh6 18.Rc2 Nc6 19.Nd5 Kg7 20.h4 f5 21.Nc7 Nd4
22.Rxd4 exd4 23.Nxa8 Rxa8 24.Rc7+ Kf6 25.Rd7 Bc1 26.Rxd4 Bxb2 27.Rb4 Bxa3 
28.Rxb7 Bc5 29.Rc7 Bb6 30.Rc6+ Ke5 31.exf5 Rf8 32.Re6+ Kd4 33.fxg6 hxg6 
34.f4 Rg8 35.Kh2 Kc4 36.Be4 g5 37.hxg5 a5 38.Bc6 Kc3 39.Kh3 Rd8 40.f5 Rd3 
41.f6 Bf2 42.f7 Rxg3+ 43.Kh2 1-0

[Event "POL-ChT3"]
[Site "Lazy POL"]
[Date "2012.09.09"]
[Round "9"]
[White "Kanarkiewicz, Michal"]
[Black "Zielinski, Wojciech"]
[Result "0-1"]
[WhiteElo "2096"]
[BlackElo "2097"]
[EventDate "2012.09.01"]
[PlyCount "84"]

1.e4 e6 2.d4 d5 3.Nc3 Nc6 4.e5 f6 5.Nf3 Bd7 6.Bd3 Qe7 7.a3 O-O-O 8.b4 h6 
9.b5 Nxd4 10.Nxd4 Qc5 11.Nce2 fxe5 12.Nb3 Qd6 13.Nc3 Be7 14.Be3 e4 15.Be2 
Bf6 16.Bd4 Ne7 17.Bxf6 gxf6 18.Qd4 b6 19.Qb4 Rhg8 20.Qxd6 cxd6 21.g3 Kb7 
22.Nd1 e5 23.a4 Be6 24.f3 Rc8 25.Kd2 Rc7 26.Rf1 Rgc8 27.Ra2 f5 28.fxe4 
dxe4 29.c4 d5 30.cxd5 Nxd5 31.Rb2 Rd8 32.Ke1 Nb4 33.Ne3 Rc3 34.Nxf5 Bxb3 
35.Nxh6 e3 36.Bf3+ Kb8 37.Be4 Bc4 38.Rb1 Nc2+ 39.Bxc2 Rxc2 40.Rh1 Re2+ 41.
Kf1 Rf8+ 42.Kg1 Bd5 0-1

[Event "POL-ChT3"]
[Site "Lazy POL"]
[Date "2012.09.09"]
[Round "9"]
[White "Kobus, Sebastian"]
[Black "Zdrojewski, Wojciech"]
[Result "0-1"]
[WhiteElo "2086"]
[BlackElo "2166"]
[EventDate "2012.09.01"]
[PlyCount "93"]

1.e4 Nf6 2.Nc3 d5 3.exd5 Nxd5 4.Bc4 c6 5.Qf3 e6 6.Nge2 Nd7 7.d4 N7f6 8.Bg5
Be7 9.Rd1 Qc7 10.O-O b5 11.Bxf6 Bxf6 12.Bxd5 exd5 13.Nf4 O-O 14.Ncxd5 cxd5
15.Nxd5 Qb7 16.Nxf6+ gxf6 17.d5 Re8 18.Rd3 f5 19.Qh5 Re4 20.Rg3+ Rg4 21.
Rxg4+ fxg4 22.Qg5+ Kf8 23.Qh6+ Kg8 24.Re1 Bf5 25.d6 Bg6 26.Qd2 Rd8 27.Qg5 
Rxd6 28.Qxg4 Qd7 29.Qf3 Bxc2 30.Qg3+ Bg6 31.h4 Rd1 32.Rxd1 Qxd1+ 33.Kh2 h5
34.Qb8+ Kh7 35.Qxa7 Qg4 36.Qe7 Qf4+ 37.Kg1 Qc1+ 38.Kh2 Qxb2 39.f4 Qxa2 40.
Qg5 Qe2 41.Qf6 Qe6 42.Qg5 b4 43.Qb5 b3 44.g3 Qe3 45.Kh3 Qf2 46.g4 hxg4+ 
47.Kxg4 0-1

[Event "POL-ChT3"]
[Site "Lazy POL"]
[Date "2012.09.09"]
[Round "9"]
[White "Maszota, Natalia"]
[Black "Jurkiewicz, Joanna"]
[Result "1/2-1/2"]
[WhiteElo "2116"]
[BlackElo "1814"]
[EventDate "2012.09.01"]
[PlyCount "161"]

1.f4 d5 2.e3 Nc6 3.Nf3 g6 4.Bb5 Bd7 5.Nc3 e6 6.b3 Bg7 7.d4 Nge7 8.O-O Nf5 
9.Bd3 Nb4 10.Ne5 Nxd3 11.Qxd3 f6 12.Nf3 Bc6 13.b4 a6 14.a4 Qd7 15.Bb2 Nd6 
16.Nd2 O-O 17.Rfe1 f5 18.Reb1 b6 19.Bc1 b5 20.Nb3 Nc4 21.Nc5 Qd6 22.Ra2 
Rfb8 23.axb5 axb5 24.Rba1 Nb6 25.Nxb5 Bxb5 26.Qxb5 c6 27.Qd3 Rxa2 28.Rxa2 
Nd7 29.Nxd7 Qxd7 30.Bd2 Qb7 31.Qa6 Qb5 32.Qxb5 cxb5 33.Ra7 Bf8 34.c3 Rb6 
35.Kf2 Rb8 36.h3 Rb6 37.g4 Rb8 38.gxf5 gxf5 39.Kg3 Bg7 40.Kh4 Rb6 41.Be1 
Rb8 42.Kg5 Rf8 43.Kh4 Rb8 44.Kh5 Rf8 45.Bh4 Rc8 46.Re7 Rc6 47.Be1 Ra6 48.
Rb7 Ra1 49.Bh4 Rh1 50.Re7 Rxh3 51.Rxe6 Kf7 52.Rc6 Bf8 53.Rc7+ Ke6 54.Rxh7 
Bd6 55.Rh6+ Kd7 56.Kg6 Rxe3 57.Kxf5 Rxc3 58.Rh7+ Kc6 59.Rh6 Kd7 60.Bf6 
Bxb4 61.Ke5 Rf3 62.Bg5 Bd2 63.Kxd5 Bxf4 64.Rf6 Bxg5 65.Rxf3 b4 66.Rf7+ Kc8
67.Kc4 Bd2 68.Rf2 Bc3 69.Rf5 Kd7 70.Rb5 Kd6 71.d5 Bd2 72.Rb6+ Kd7 73.Rxb4 
Bxb4 74.Kxb4 Kd6 75.Kc4 Kd7 76.Kc5 Kc7 77.d6+ Kd7 78.Kd5 Kd8 79.Kc6 Kc8 
80.d7+ Kd8 81.Kd6 1/2-1/2

[Event "POL-ChT3"]
[Site "Lazy POL"]
[Date "2012.09.09"]
[Round "9"]
[White "Jagodzinski, Piotr"]
[Black "Mickiewicz, Piotr"]
[Result "0-1"]
[WhiteElo "2167"]
[BlackElo "2363"]
[EventDate "2012.09.01"]
[PlyCount "106"]

1.Nf3 Nf6 2.Nc3 c5 3.e4 d6 4.d4 cxd4 5.Nxd4 e6 6.Be2 a6 7.g4 b5 8.g5 Nfd7 
9.f4 b4 10.Nb1 Bb7 11.Bf3 Nc5 12.Qe2 Nbd7 13.h4 g6 14.h5 Bg7 15.Nb3 Nxb3 
16.axb3 Rc8 17.Nd2 Rxc2 18.Qd3 Rxc1+ 19.Rxc1 Nc5 20.Qb1 O-O 21.e5 Qa8 22.
Bxb7 Qxb7 23.Kf2 Qd5 24.Rcd1 Nd3+ 25.Ke3 dxe5 26.Ne4 exf4+ 27.Kf3 Rd8 28.
h6 f5 29.gxf6 Bxf6 30.Qc2 Be7 31.Rxd3 Qxd3+ 32.Qxd3 Rxd3+ 33.Kxf4 Rd5 34.
Rc1 g5+ 35.Kg4 Rf5 36.Kg3 Rf4 37.Rc7 Kf8 38.Nd2 Bd6 39.Rc8+ Kf7 40.Kg2 
Rg4+ 41.Kf2 Rh4 42.Nf3 Rh5 43.Rc6 g4 44.Rxd6 Rf5 45.Rd7+ Kf6 46.Rxh7 Rxf3+
47.Kg2 Rxb3 48.Ra7 Rxb2+ 49.Kg3 Kg5 50.Rxa6 Rb3+ 51.Kg2 Kxh6 52.Rxe6+ Kg5 
53.Re8 Rc3 0-1

[Event "POL-ChT3"]
[Site "Lazy POL"]
[Date "2012.09.09"]
[Round "9"]
[White "Khamidov, Komil"]
[Black "Goluch, Piotr"]
[Result "0-1"]
[WhiteElo "2113"]
[BlackElo "2239"]
[EventDate "2012.09.01"]
[PlyCount "66"]

1.e4 c6 2.d4 d5 3.Nc3 dxe4 4.Nxe4 Nf6 5.Nxf6+ gxf6 6.c3 Bf5 7.Nf3 e6 8.g3 
Bd6 9.Bg2 Nd7 10.Nh4 Bg6 11.O-O Qc7 12.c4 O-O-O 13.d5 Nb6 14.Be3 Nxc4 15.
Bxa7 b6 16.Rc1 exd5 17.Qa4 b5 18.Qa6+ Qb7 19.Qxb7+ Kxb7 20.Bd4 Be5 21.Bxe5
fxe5 22.b3 Nd6 23.Rc5 e4 24.Rfc1 Rc8 25.Bh3 Rc7 26.Ng2 Bf5 27.Nf4 Bxh3 28.
Nxh3 Nf5 29.Nf4 Nd4 30.Kf1 Rd8 31.h4 Kb6 32.Ke1 Rd6 33.Kd2 Ra7 0-1

[Event "POL-ChT3"]
[Site "Lazy POL"]
[Date "2012.09.09"]
[Round "9"]
[White "Kalvaitis, Sigitas"]
[Black "Kulas, Szymon"]
[Result "1-0"]
[WhiteElo "2233"]
[BlackElo "2059"]
[EventDate "2012.09.01"]
[PlyCount "53"]

1.e4 c5 2.Nf3 d6 3.Bb5+ Bd7 4.Bxd7+ Qxd7 5.O-O Nc6 6.c3 Nf6 7.Qe2 e6 8.d4 
cxd4 9.cxd4 d5 10.e5 Ne4 11.Nbd2 Nxd2 12.Bxd2 Be7 13.Qd3 Qd8 14.a3 O-O 15.
b4 a6 16.Rac1 Qb6 17.Bg5 Qd8 18.Be3 Rc8 19.Nd2 Na7 20.Nb3 Qd7 21.Nc5 Bxc5 
22.bxc5 Nc6 23.Qd2 Qc7 24.Rc3 Na5 25.Bg5 Nc4 26.Qc1 b6 27.Bf6 1-0

[Event "POL-ChT3"]
[Site "Lazy POL"]
[Date "2012.09.09"]
[Round "9"]
[White "Piotrowski, Przemyslaw"]
[Black "Cajbel, Maciej"]
[Result "0-1"]
[WhiteElo "1965"]
[BlackElo "2237"]
[EventDate "2012.09.01"]
[PlyCount "52"]

1.e4 g6 2.d4 Bg7 3.Nc3 c6 4.Nf3 d5 5.h3 dxe4 6.Nxe4 Nd7 7.Bc4 Ngf6 8.Nxf6+
Nxf6 9.Bf4 O-O 10.c3 b5 11.Bb3 Nd5 12.Bh2 a5 13.Ne5 Qb6 14.Bxd5 cxd5 15.
Nd3 b4 16.Qb3 Ba6 17.Nc5 Bc4 18.Qc2 bxc3 19.bxc3 Rfc8 20.Rb1 Qf6 21.Na4 
Ra6 22.Qd2 Re6+ 23.Be5 Qf5 24.Rb2 Bxe5 25.dxe5 Rxe5+ 26.Kd1 Re2 0-1

[Event "POL-ChT3"]
[Site "Lazy POL"]
[Date "2012.09.09"]
[Round "9"]
[White "Czachor, Radoslaw"]
[Black "Czyz, Artur"]
[Result "0-1"]
[WhiteElo "2063"]
[BlackElo "2031"]
[EventDate "2012.09.01"]
[PlyCount "60"]

1.e4 e5 2.Nf3 Nc6 3.d4 exd4 4.Nxd4 Nf6 5.Nxc6 bxc6 6.e5 Qe7 7.Qe2 Nd5 8.c4
Ba6 9.g3 g6 10.b3 Bg7 11.Bb2 O-O 12.Bg2 Rae8 13.O-O Bxe5 14.Qxe5 Qxe5 15.
Bxe5 Rxe5 16.cxd5 Bxf1 17.Kxf1 cxd5 18.Nc3 c6 19.Rc1 Rb8 20.Na4 Rb4 21.Bf3
Rd4 22.Nc5 Re7 23.Rc3 Rd2 24.a3 f5 25.b4 Rb2 26.Kg2 Kf8 27.Nd3 Rd2 28.a4 
Re3 29.Rc5 Rexd3 30.Ra5 Rb2 0-1

[Event "POL-ChT3"]
[Site "Lazy POL"]
[Date "2012.09.09"]
[Round "9"]
[White "Poznanska, Katarzyna"]
[Black "Ogonowska, Katarzyna"]
[Result "1-0"]
[WhiteElo "2086"]
[BlackElo "1846"]
[EventDate "2012.09.01"]
[PlyCount "91"]

1.e4 c5 2.Nf3 d6 3.d4 cxd4 4.Nxd4 e5 5.Nb3 Nf6 6.Nc3 Be6 7.Bg5 Be7 8.Bxf6 
Bxf6 9.Nd2 Nc6 10.Bc4 O-O 11.O-O Bg5 12.Bd5 Rc8 13.Nf3 Bg4 14.h3 Bxf3 15.
Qxf3 Nd4 16.Qd3 b5 17.Nxb5 Nxb5 18.Qxb5 Rxc2 19.Bb3 Rc5 20.Qd3 Qb8 21.Rad1
Rc6 22.Bd5 Rc5 23.b3 Qb4 24.Bc4 Rc6 25.Qd5 Rb6 26.Rd3 Kh8 27.Rf3 f6 28.Rd1
Qa3 29.Qe6 Qxa2 30.h4 Bxh4 31.Qg4 Qc2 32.Rf1 a5 33.Qxh4 a4 34.Rh3 h6 35.
Qg3 Qxe4 36.Bd3 Qf4 37.Qxf4 exf4 38.bxa4 Rb4 39.Ra1 Ra8 40.a5 Rd4 41.a6 d5
42.Bb5 Kh7 43.a7 g5 44.Bc6 g4 45.Bxa8 gxh3 46.Bxd5 1-0

[Event "POL-ChT3"]
[Site "Lazy POL"]
[Date "2012.09.09"]
[Round "9"]
[White "Stachanczyk, Jacek"]
[Black "Krogulski, Grzegorz"]
[Result "1/2-1/2"]
[WhiteElo "2247"]
[BlackElo "2387"]
[EventDate "2012.09.01"]
[PlyCount "62"]

1.e4 d5 2.Nc3 dxe4 3.Nxe4 Bf5 4.Ng3 Bg6 5.Nf3 Nd7 6.h4 h6 7.h5 Bh7 8.d4 e6
9.Bd3 Bxd3 10.Qxd3 c6 11.Bf4 Qa5+ 12.Bd2 Qc7 13.Ne4 Ngf6 14.O-O-O Nxe4 15.
Qxe4 Nf6 16.Qe2 O-O-O 17.Rh4 Bd6 18.Ne5 Bxe5 19.dxe5 Nd5 20.c4 Ne7 21.Rhh1
c5 22.Bc3 Nf5 23.Qe4 Rxd1+ 24.Rxd1 Rd8 25.g4 Rxd1+ 26.Kxd1 Qd8+ 27.Kc2 Ne7
28.Qh7 Qf8 29.Qe4 Qd8 30.Qh7 Qf8 31.Qe4 Qd8 1/2-1/2

[Event "POL-ChT3"]
[Site "Lazy POL"]
[Date "2012.09.09"]
[Round "9"]
[White "Sygulski, Boguslaw"]
[Black "Gumula, Daniel"]
[Result "1/2-1/2"]
[WhiteElo "2254"]
[BlackElo "2273"]
[EventDate "2012.09.01"]
[PlyCount "81"]

1.e3 b6 2.Nf3 Bb7 3.b3 f5 4.Bb2 Nf6 5.c4 e6 6.Be2 Bd6 7.d3 O-O 8.Nbd2 Qe7 
9.O-O Ba3 10.Bxa3 Qxa3 11.Qc1 Qxc1 12.Rfxc1 d6 13.Nd4 Re8 14.Bf3 Bxf3 15.
N4xf3 h6 16.a3 Kf7 17.Kf1 a6 18.Ke2 Nbd7 19.b4 g6 20.Nb3 c5 21.bxc5 dxc5 
22.a4 a5 23.Nbd2 g5 24.Rab1 g4 25.Ne1 Ng8 26.Rb3 Ne7 27.Nb1 Nc6 28.Nc3 
Rad8 29.Nb5 Nde5 30.Na3 Nb4 31.Nac2 Nec6 32.Nxb4 Nxb4 33.Nc2 h5 34.g3 Kf6 
35.Na3 h4 36.Nb5 h3 37.d4 Re7 38.Rb2 e5 39.d5 e4 40.Rd2 Ke5 41.Rb1 1/2-1/2

[Event "POL-ChT3"]
[Site "Lazy POL"]
[Date "2012.09.09"]
[Round "9"]
[White "Mrozek, Przemyslaw"]
[Black "Kolosowski, Pawel"]
[Result "1/2-1/2"]
[WhiteElo "2190"]
[BlackElo "2280"]
[EventDate "2012.09.01"]
[PlyCount "59"]

1.e4 e5 2.Nf3 Nc6 3.Bc4 Nf6 4.d3 Bc5 5.Nc3 d6 6.h3 a6 7.a3 O-O 8.O-O Bd7 
9.Qe2 Re8 10.Be3 Be6 11.Bd2 Bxc4 12.dxc4 Rc8 13.Nd5 Ra8 14.b4 Nxd5 15.cxd5
Ne7 16.c4 Ng6 17.Kh2 Nf4 18.Qe3 Qd7 19.Ng1 f5 20.g3 Ng6 21.exf5 Qxf5 22.
Nf3 Rf8 23.Ng5 Qc2 24.Rac1 Qb2 25.Kg2 a5 26.Qc3 Qxc3 27.Rxc3 axb4 28.axb4 
b6 29.f3 Ra2 30.Rf2 1/2-1/2

[Event "POL-ChT3"]
[Site "Lazy POL"]
[Date "2012.09.09"]
[Round "9"]
[White "Siedlinski, Piotr"]
[Black "Augustyn, Sebastian"]
[Result "1/2-1/2"]
[WhiteElo "2092"]
[BlackElo "2109"]
[EventDate "2012.09.01"]
[PlyCount "51"]

1.d4 d5 2.Nf3 Nf6 3.Bf4 c6 4.c3 Bf5 5.e3 Qb6 6.Qb3 e6 7.Nbd2 h6 8.h3 Nbd7 
9.Be2 Be7 10.O-O O-O 11.Qxb6 Nxb6 12.Rac1 Ne4 13.Nxe4 Bxe4 14.Nd2 Bg6 15.
Nf3 Nd7 16.Ne5 Nxe5 17.Bxe5 f6 18.Bg3 Kf7 19.Rfd1 Rfe8 20.Bg4 Bf8 21.f4 
Be4 22.Bh5+ Bg6 23.Bg4 Be4 24.Bh5+ Bg6 25.Bg4 Be4 26.Bh5+ 1/2-1/2

[Event "POL-ChT3"]
[Site "Lazy POL"]
[Date "2012.09.09"]
[Round "9"]
[White "Jalowiec, Halina"]
[Black "Guzik, Jolanta"]
[Result "1/2-1/2"]
[WhiteElo "2046"]
[BlackElo "2139"]
[EventDate "2012.09.01"]
[PlyCount "81"]

1.e4 d5 2.exd5 Qxd5 3.Nc3 Qa5 4.d4 Nf6 5.Bb5+ c6 6.Bd3 Bg4 7.Nf3 e6 8.h3 
Bh5 9.O-O Nbd7 10.Ne4 Nxe4 11.Bxe4 Nf6 12.Bd3 Bd6 13.c3 O-O 14.Re1 Rad8 
15.g4 Bg6 16.Bxg6 hxg6 17.Qe2 Nd5 18.Ne5 Bxe5 19.dxe5 c5 20.Bg5 Rd7 21.
Red1 Qc7 22.c4 Nb4 23.Rxd7 Qxd7 24.Rd1 Qc7 25.a3 Nc6 26.Re1 Nd4 27.Qe4 Re8
28.Kg2 Qc6 29.Qxc6 Nxc6 30.Kf3 Nd4+ 31.Ke4 a5 32.Rd1 b6 33.Rd3 Kf8 34.Be3 
Nc6 35.Rd6 Rc8 36.Rd7 a4 37.Bd2 Rd8 38.Rxd8+ Nxd8 39.Bc3 Ke7 40.f4 Nc6 41.
Ke3 1/2-1/2

[Event "POL-ChT3"]
[Site "Lazy POL"]
[Date "2012.09.09"]
[Round "9"]
[White "Licznerski, Lukasz"]
[Black "Butkiewicz, Lukasz"]
[Result "1-0"]
[WhiteElo "2306"]
[BlackElo "2390"]
[EventDate "2012.09.01"]
[PlyCount "70"]

1.e4 c5 2.Nf3 d6 3.Bb5+ Nd7 4.c3 a6 5.Ba4 Nf6 6.Qe2 b5 7.Bc2 e5 8.d4 Be7 
9.a4 bxa4 10.dxe5 dxe5 11.Nbd2 O-O 12.Nc4 Qc7 13.Rxa4 Bb7 14.Ra2 a5 15.O-O
Ba6 16.Bd3 Bxc4 17.Bxc4 Nb6 18.Bg5 Nh5 19.Be3 Nf6 20.Nd2 Nxc4 21.Qxc4 Rfd8
22.Qe2 Qc6 23.Bg5 a4 24.Rfa1 h6 25.Bxf6 Bxf6 26.g3 Rdb8 27.Nc4 Rb3 28.Nd2 
Rbb8 29.Qc4 Qd7 30.Nf1 Ra5 31.Ne3 Qb7 32.Nd5 h5 33.Qe2 Qb3 34.Qxh5 Ra6 35.
Qd1 Rb7 1-0

[Event "POL-ChT3"]
[Site "Lazy POL"]
[Date "2012.09.09"]
[Round "9"]
[White "Lercel, Michal"]
[Black "Gralka, Julian"]
[Result "0-1"]
[WhiteElo "2173"]
[BlackElo "2231"]
[EventDate "2012.09.01"]
[PlyCount "76"]

1.d4 Nf6 2.c4 e6 3.Nc3 Bb4 4.Qc2 d6 5.Bg5 h6 6.Bh4 Nbd7 7.e4 e5 8.O-O-O 
Bxc3 9.bxc3 c5 10.dxe5 dxe5 11.f4 Qe7 12.Nf3 O-O 13.fxe5 Nxe5 14.Bg3 Nfd7 
15.Rd5 f6 16.Be2 Re8 17.Rhd1 Nf7 18.Nh4 Nf8 19.Bh5 Be6 20.Rd6 Bxc4 21.e5 
fxe5 22.R6d2 e4 23.Nf5 Qg5 24.Bxf7+ Bxf7 25.Nd6 e3 26.Re2 Re7 27.Rf1 Bh5 
28.Qb3+ Kh8 29.Bf4 Qf6 30.Ree1 e2 31.Rf2 Rd8 32.Bg3 Qg6 33.Qd5 Red7 34.Kb2
Kh7 35.Qxc5 Ne6 36.Qb4 b6 37.Rfxe2 Bxe2 38.Rxe2 Nc5 0-1

[Event "POL-ChT3"]
[Site "Lazy POL"]
[Date "2012.09.09"]
[Round "9"]
[White "Wozniak, Marcin"]
[Black "Gomulka, Jaroslaw"]
[Result "0-1"]
[WhiteElo "2215"]
[BlackElo "2107"]
[EventDate "2012.09.01"]
[PlyCount "59"]

1.c4 g6 2.g3 Bg7 3.Bg2 e5 4.Nc3 d6 5.e3 f5 6.d3 Nf6 7.Nge2 O-O 8.O-O c6 9.
f4 Be6 10.b3 Nbd7 11.Ba3 Qb6 12.Qd2 Ng4 13.d4 exd4 14.exd4 c5 15.Nd5 Bxd5 
16.Bxd5+ Kh8 17.h3 cxd4 18.c5 Nxc5 19.hxg4 d3 20.Kh1 dxe2 21.Qxe2 Rae8 22.
Qf2 Ne4 23.Qxb6 axb6 24.Bxe4 Bxa1 25.Bxb7 Rf7 26.Bc6 Rc8 27.Ba4 Bf6 28.
Bxd6 fxg4 29.Bb5 Rd8 30.Bc4 0-1

[Event "POL-ChT3"]
[Site "Lazy POL"]
[Date "2012.09.09"]
[Round "9"]
[White "Stepien, Marcin"]
[Black "Bokiej, Przemyslaw"]
[Result "1-0"]
[WhiteElo "2132"]
[BlackElo "2189"]
[EventDate "2012.09.01"]
[PlyCount "63"]

1.e4 e6 2.d4 d5 3.Nd2 Nf6 4.e5 Nfd7 5.f4 c5 6.c3 Nc6 7.Ndf3 Qb6 8.g3 cxd4 
9.cxd4 Bb4+ 10.Kf2 f6 11.Kg2 a5 12.Bd3 Ndb8 13.Ne2 Na6 14.a3 Be7 15.Nc3 
Bd7 16.Na4 Qa7 17.Re1 O-O-O 18.Be3 h6 19.Rc1 Kb8 20.Qb3 Rdf8 21.Nh4 Be8 
22.Rxc6 Bxc6 23.Ng6 Re8 24.Rc1 Kc7 25.Nxh8 Rxh8 26.Bd2 Nb8 27.exf6 gxf6 
28.Qc3 Kd7 29.Kh3 Bxa4 30.Qc7+ Ke8 31.Qc8+ Bd8 32.Qxe6+ 1-0

[Event "POL-ChT3"]
[Site "Lazy POL"]
[Date "2012.09.09"]
[Round "9"]
[White "Gralka, Przemyslaw"]
[Black "Krokay, Urszula"]
[Result "1-0"]
[WhiteElo "2289"]
[BlackElo "1868"]
[EventDate "2012.09.01"]
[PlyCount "69"]

1.d4 Nf6 2.Nf3 e6 3.Bf4 c5 4.c3 Qb6 5.Qb3 Qxb3 6.axb3 Nh5 7.Bxb8 Rxb8 8.
Rxa7 cxd4 9.Nxd4 Bc5 10.Ra4 b5 11.Ra5 Bxd4 12.cxd4 d5 13.b4 Bd7 14.Nc3 O-O
15.e3 Rb7 16.Kd2 Rfb8 17.Bd3 Nf6 18.Rha1 Kf8 19.Ra8 Rxa8 20.Rxa8+ Ke7 21.
Ra5 g6 22.f3 Ne8 23.Nxb5 Kf6 24.Kc3 Rb6 25.Kb3 Kg5 26.Nc3 Nd6 27.b5 Nf5 
28.Bxf5 Kxf5 29.Kb4 g5 30.Ra7 Be8 31.Ra8 Bd7 32.Kc5 Rb7 33.b6 h5 34.Ra7 
Bc8 35.Kc6 1-0

[Event "POL-ChT3"]
[Site "Lazy POL"]
[Date "2012.09.09"]
[Round "9"]
[White "Zdziarska, Lidia"]
[Black "Wesolowska, Edyta"]
[Result "1/2-1/2"]
[WhiteElo "1928"]
[BlackElo "1951"]
[EventDate "2012.09.01"]
[PlyCount "39"]

1.e4 e5 2.Nf3 Nc6 3.Bc4 Bc5 4.c3 Nf6 5.d3 d6 6.h3 a6 7.O-O b5 8.Bb3 O-O 9.
Be3 Bxe3 10.fxe3 Na5 11.Nbd2 Nxb3 12.Nxb3 c5 13.Nbd2 Bb7 14.c4 b4 15.b3 h6
16.a4 a5 17.Qe2 Qe7 18.Qd1 Qd8 19.Qe2 Qe7 20.Qd1 1/2-1/2

[Event "POL-ChT3"]
[Site "Lazy POL"]
[Date "2012.09.09"]
[Round "9"]
[White "Robak, Zbigniew"]
[Black "Tustanowski, Robert"]
[Result "1/2-1/2"]
[WhiteElo "2235"]
[BlackElo "2304"]
[EventDate "2012.09.01"]
[PlyCount "21"]

1.e4 e5 2.Nf3 Nf6 3.d4 Nxe4 4.Bd3 d5 5.Nxe5 Nd7 6.Nxf7 Kxf7 7.Qh5+ Ke6 8.
Qg4+ Kf7 9.Qh5+ Ke6 10.Qg4+ Kf7 11.Qh5+ 1/2-1/2

[Event "POL-ChT3"]
[Site "Lazy POL"]
[Date "2012.09.09"]
[Round "9"]
[White "Siekaniec, Jan"]
[Black "Konieczynski, Piotr"]
[Result "1/2-1/2"]
[WhiteElo "2159"]
[BlackElo "1933"]
[EventDate "2012.09.01"]

1.e4 e6 2.d4 d5 3.exd5 exd5 4.Nf3 Bd6 5.Be2 c6 6.O-O Ne7 7.Re1 O-O 8.h3 
Ng6 9.Bf1 Nd7 10.c3 Nf6 11.Bg5 h6 12.Bxf6 Qxf6 13.Nbd2 Bd7 14.Qc2 Rfe8 15.
Rad1 Rxe1 16.Rxe1 Re8 17.Qd1 Rxe1 18.Qxe1 Qe7 19.Qxe7 Nxe7 20.Bd3 Bf5 21.
Bxf5 Nxf5 22.Kf1 Bf4 23.Ke2 Bxd2 24.Nxd2 Kf8 25.Nf1 Ke7 26.Ne3 Nd6 27.f3 
Ke6 28.g3 f6 29.Kf2 g6 30.Ke2 Nf7 31.Kf2 Ke7 32.Kg2 Nd8 33.Kf2 Nf7 34.Kg2 
Ke6 35.Kf2 Nd6 36.Ke2 Ke7 37.Kf2 Nf7 38.Kg2 Ke6 39.Kf2 Ng5 40.Kg2 Kf7 41.
Ng4 1/2-1/2

[Event "POL-ChT3"]
[Site "Lazy POL"]
[Date "2012.09.09"]
[Round "9"]
[White "Majdan, Damian"]
[Black "Olszynski, Kazimierz"]
[Result "1/2-1/2"]
[WhiteElo "1779"]
[BlackElo "2185"]
[EventDate "2012.09.01"]
[PlyCount "84"]

1.Nf3 g6 2.d3 Bg7 3.g3 d6 4.Bg2 f5 5.Nc3 Nf6 6.O-O O-O 7.e4 e5 8.Bd2 h6 9.
Nh4 Kh7 10.Nf3 Nc6 11.Re1 Ng4 12.h3 Nf6 13.Rf1 Ne7 14.Kh1 c6 15.Qe2 Qb6 
16.Rab1 Bd7 17.Na4 Qc7 18.Nc3 Qb6 19.Na4 Qc7 20.Nc3 Rae8 21.Rbe1 d5 22.Ng1
fxe4 23.dxe4 d4 24.Nd1 Nh5 25.Bf3 Nf6 26.Bg2 Nh5 27.Bf3 Nf6 28.Bg2 g5 29.
c4 Ng6 30.b3 Kh8 31.Nb2 Be6 32.Nd3 Bg8 33.Bb4 Rf7 34.Bd2 Bh7 35.f3 b6 36.
g4 Nf4 37.Bxf4 exf4 38.b4 Nd7 39.Qc2 Ne5 40.Nxe5 Qxe5 41.Qd3 Rd7 42.Ne2 c5
1/2-1/2

[Event "POL-ChT3"]
[Site "Lazy POL"]
[Date "2012.09.09"]
[Round "9"]
[White "Weglarz, Joanna"]
[Black "Buksa, Ewelina"]
[Result "1/2-1/2"]
[WhiteElo "2007"]
[BlackElo "1533"]
[EventDate "2012.09.01"]

1.Nf3 d5 2.d4 e6 3.Bf4 Nf6 4.e3 Be7 5.Bd3 O-O 6.O-O c6 7.h3 b6 8.Nbd2 Bb7 
9.c3 Nbd7 10.Qe2 h6 11.Ne5 Nxe5 12.Bxe5 Bd6 13.Bxd6 Qxd6 14.e4 dxe4 15.
Nxe4 Qe7 16.Nxf6+ Qxf6 17.Be4 Rac8 18.Rad1 Rfd8 19.Rd2 Rd7 20.Rfd1 Rcd8 
21.Bf3 Qe7 22.Qe3 Qd6 23.Re1 Qc7 24.Rdd1 Ba6 25.Qe4 Bb7 26.Qe5 Qxe5 27.
dxe5 Rxd1 28.Rxd1 Rxd1+ 29.Bxd1 c5 30.f4 f6 31.Kf2 Kf7 32.Bc2 Bc6 33.g3 
Bb7 34.Bd3 Bd5 35.a3 Ke7 36.Ke3 Kd7 37.Bb5+ Ke7 38.Bd3 Bc6 39.b4 Bg2 40.h4
Bd5 41.Bb5 1/2-1/2